-
PANDEY DR. DESH DEEPAK & KATIYAR, DR.ARPIT AND KUMAR, NEERAJ , & BRIHEMAYA, PANKAJ KUMAR
Entry Personal Name
Number of records used in: 1
001 - CONTROL NUMBER
003 - CONTROL NUMBER IDENTIFIER
005 - DATE AND TIME OF LATEST TRANSACTION
- control field:
20240919150755.0
008 - FIXED-LENGTH DATA ELEMENTS
- fixed length control field:
240919|| aca||aabn | a|a d
040 ## - CATALOGING SOURCE
- Original cataloging agency:
JRU
- Transcribing agency:
JRU
100 ## - HEADING--PERSONAL NAME
- Personal name:
PANDEY DR. DESH DEEPAK & KATIYAR, DR.ARPIT AND KUMAR, NEERAJ , & BRIHEMAYA, PANKAJ KUMAR
670 ## - SOURCE DATA FOUND
- Source citation:
Work cat.: (JRU)8684: PANDEY DR. DESH DEEPAK & KATIYAR, DR.ARPIT AND KUMAR, NEERAJ , & BRIHEMAYA, PANKAJ KUMAR , PHARMACEUTICAL CHEMISTRY [D.PHARMA, 1ST YEAR]